Online Catalogue and eLibrary

Feminism is For Everybody: (Record no. 1646)

MARC details
000 -LEADER
fixed length control field 00525nam a2200217Ia 4500
005 - DATE AND TIME OF LATEST TRANSACTION
control field 20250210043623.0
008 - FIXED-LENGTH DATA ELEMENTS--GENERAL INFORMATION
fixed length control field 240331s9999 xx 000 0 und d
020 ## - INTERNATIONAL STANDARD BOOK NUMBER
ISBN 0745317332
082 ## - DDC Classification
Item Number - Author Mark HOO
DDC Edition Number 5667
Class No. 305.4
100 ## - MAIN ENTRY--PERSONAL NAME
Personal name Bell Hooks
245 #0 - TITLE STATEMENT
Title Feminism is For Everybody:
Remainder of title Passionate Politics
260 ## - PUBLICATION, DISTRIBUTION, ETC.
Place of publication, distribution, etc. London
Name of publisher, distributor, etc. Pluto Press
Date of publication, distribution, etc. 2000
300 ## - PHYSICAL DESCRIPTION
Extent (e.g. Volumes, Pages etc.) x, 123 p.,
650 ## - SUBJECT ADDED ENTRY--TOPICAL TERM
Topical term or geographic name entry element Feminism
650 ## - SUBJECT ADDED ENTRY--TOPICAL TERM
Topical term or geographic name entry element Politics
650 ## - SUBJECT ADDED ENTRY--TOPICAL TERM
Topical term or geographic name entry element Race
650 ## - SUBJECT ADDED ENTRY--TOPICAL TERM
Topical term or geographic name entry element Gender
650 ## - SUBJECT ADDED ENTRY--TOPICAL TERM
Topical term or geographic name entry element Spiritualilty
650 ## - SUBJECT ADDED ENTRY--TOPICAL TERM
Topical term or geographic name entry element Masculinity
942 ## - Koha item type (Biblio)
Koha item type Books in Stacks (Lending)
Holdings
Lost status Damaged status Collection code Home library Current library Shelving location Date acquired Full call number Accession Number Item type
    Lending WERC Library WERC Library Social Science Cupboard 03/31/2024 305.4 FEM 5667 Books in Stacks (Lending)

© WERC Library